Statistiques concernant Drapeaux vers Langues

Cliquez ici pour prendre le quiz!

Statistiques générales

  • Ce quiz a été pris 654 fois
  • Le résultat moyen est 15 sur 18

Statistiques - réponses

Réponse% Correct
Anglais
99%
Portugais
99%
Français
98%
Italien
98%
Japonais
98%
Suédois
97%
Arabe
90%
Turc
88%
Coréen
85%
Espagnol
84%
Vietnamien
77%
Allemand
76%
Thaï
76%
Russe
75%
Persan
70%
Malais
64%
Bengali
56%
Hébreux
56%

Distribution des résultats

Percentile par nombre de réponses

% des personnes avec chaque résultat

Votre développement - résultats

Vous n’avez pas pris ce quiz